logo

Bir Sreshtho Munshi Abdur Rouf Library
Jhenaidah Cadet College

পৌরাণিক অভিধান / (Record no. 10096)

MARC details
000 -LEADER
fixed length control field 00774nam a2200217 a 4500
001 - CONTROL NUMBER
JCCL Control Number 10096
003 - CONTROL NUMBER IDENTIFIER
JCCL marc code BD-JhCC
005 - DATE AND TIME OF LATEST TRANSACTION
control field 20180417175737.0
008 - FIXED-LENGTH DATA ELEMENTS--GENERAL INFORMATION
fixed length control field 180417b1370 ii a|||| ||a| 000 0 ben d
035 ## - SYSTEM CONTROL NUMBER
system control number (BD-JhCC)10096
040 ## - CATALOGING SOURCE
Original cataloging agency BD-JhCC
Modifying agency BD-JhCC
041 ## - LANGUAGE CODE
Language code of Book ben
082 ## - DEWEY DECIMAL CLASSIFICATION NUMBER
Classification number 294.50321
Author mark and Year POW 1370
245 ## - TITLE STATEMENT
Title পৌরাণিক অভিধান /
Statement of responsibility, etc সুধীরচন্দ্র সরকার (সংকলক)
260 ## - PUBLICATION, DISTRIBUTION, ETC. (IMPRINT)
Place of publication, distribution, etc কলিকাতা :
Name of publisher, distributor, etc এম. মি সরকার অ্যান্ড সন্স প্রাইভেট লি:
Date of publication, distribution, etc 1370
300 ## - PHYSICAL DESCRIPTION
Pagination 612 p. :
Dimensions 20 cm.
650 ## - SUBJECT ADDED ENTRY--TOPICAL TERM
Topical term or geographic name as entry element Hindusim
General subdivision Dictionaries
700 ## - ADDED ENTRY--PERSONAL NAME
Personal name সরকার, সুধীরচন্দ্র (সংকলক)
942 ## - ADDED ENTRY ELEMENTS (KOHA)
Source of classification or shelving scheme Dewey Decimal Classification
Koha item type Books
Holdings
Source of classification or shelving scheme Damaged status Not for loan Home library Current library Shelving location Date of accession Cost, normal purchase price Total Checkouts Full call number Barcode Date last seen Copy number Koha item type
Dewey Decimal Classification     JCC Rouf Library JCC Rouf Library General Stacks 04/17/2018 10.00   294.50321 POW 1370 12772 04/17/2018 C-1 Books

JCC Library | Contacts | JCC Home

Last Update on 23 September 2017
Copyright @ 2017-2020 JCC Rouf Library
Rouf Library, Jhenidah Cadet College (JCC), Bangladesh